00290nam a2200109 a 4500008004100000050001500041100001900056245004100075260004000116300001500156350000900171120416s1949 ||||||||||||||||| || u aQA 155 Wei aWeiss, Marie J10aHigher algebra for the undergraduate aNew YorkbJohn Wiley and Sonsc1949 aviii,165p. a0.00